[Event "RUS-chT Blitz Men 2018"]
[Site "Sochi"]
[Date "2018.10.10"]
[Round "2"]
[White "Kostin, Alexey"]
[Black "Grigoriants, Boris"]
[Result "1-0"]
[WhiteElo "2253"]
[BlackElo "1914"]
[Annotator "TA"]
[PlyCount "101"]
[EventDate "2018.10.10"]
[EventType "swiss"]
[EventCountry "RUS"]
[SourceTitle "playchess.com"]
[Source "ChessBase"]
[SourceQuality "1"]

{[%evp 16,101,0,18,122,41,43,42,171,164,195,100,97,97,104,99,196,195,188,197,292,213,208,200,221,218,221,116,114,125,112,125,111,119,133,91,89,87,89,34,130,130,201,107,327,274,274,274,327,327,327,320,327,297,559,466,498,412,1192,1171,1068,887,12832,12837,12776,12807,1263,1047,29939,29947,29954,12837,29959,29963,12828,4614,29937,29942,29980,29981,29985,29986,29987,29988,29988,29987,29987,29988]} 1. e4 e5 2. Nf3 Nc6 3. Bc4 Bc5 4. c3 Nf6 5. d4 exd4 6. cxd4 Bb4+ 7. Bd2 Nxe4 8. Bxb4 Nxb4 {[#]} 9. Bxf7+ $1 {[%mdl 512] LiveBook: 124 Partien. C54: Italienische Partie (Hauptvariante)} Kf8 (9... Kxf7 $11 10. Qb3+ d5 11. Qxb4 Re8) (9... Kxf7 10. Qb3+ Kf8 11. Qxb4+ Qe7 12. Qxe7+ Kxe7 13. O-O Kd8 14. Re1 Nf6 15. Nc3 d6 16. Ng5 Rf8 17. f3 a5 {½-½ (27) McShane,L (2647)-Matlakov,M (2707) Batumi 2018}) 10. O-O (10. Bb3 $1 $16) 10... Kxf7 $14 11. Qb3+ {Weiß steht etwas besser.} Kf8 $146 (11... d5 $1 $14) ({Vorgänger:} 11... d5 12. Qxb4 Rf8 13. Nc3 Nxc3 14. bxc3 Kg8 15. Ne5 b6 16. Rab1 Qf6 {0-1 (31) Zenkov,V (1673)-Stasiak,W (1604) ICCF email 2015}) 12. Qxb4+ $18 Qe7 13. Qxe7+ (13. Qb3 $18) 13... Kxe7 $16 {[#]} 14. Re1 $1 $36 {[%cal Re1e4][%mdl 2048] Läuft bei Weiss.} d5 15. Nc3 c6 (15... Be6 $16 {war einen Versuch wert.}) 16. Nxe4 $18 dxe4 17. Rxe4+ Kf6 (17... Kd6 {ist eine bessere Verteidigung.} 18. Rae1 Bd7) 18. Rae1 {Droht Tf4+ und aus.} Bf5 19. Re7 Rab8 20. h3 h5 21. Rc7 (21. Nh4 $18 Rhd8 22. Nxf5 Kxf5 23. Rf7+ (23. Rxg7 Rxd4 24. Ree7 Rb4 $18) 23... Kg6 24. Ree7) 21... Rhc8 $16 22. Ree7 Rxc7 23. Rxc7 {[%mdl 4096] Endspiel KTL-KTS} g5 24. Ne5 a5 25. Nd7+ Bxd7 26. Rxd7 {KT-KT} a4 27. d5 (27. Rd6+ $16 Kf5 28. Kf1) 27... cxd5 (27... c5 $14) 28. Rxd5 b5 {[#]} (28... h4 $16 29. Rd6+ Kf5) 29. a3 ({Lieber} 29. h4 $1 $18 {[%mdl 512]}) 29... b4 $2 (29... h4 $16 {ist wohl besser.} 30. f3 Rb7) 30. Ra5 $18 bxa3 31. bxa3 Rb1+ 32. Kh2 Rb2 33. f3 ({Schwächer ist} 33. Rxa4 Rxf2 34. Ra8 Ke7 $16) 33... Ra2 34. Rxa4 Kf5 $2 (34... h4 {war angesagt.} 35. Ra6+ Kf5 36. Ra5+ Kf4) 35. h4 gxh4 36. Rxh4 Rxa3 (36... Kg5 $142 37. Ra4 Kg6) 37. Rxh5+ Kf4 38. Rh4+ Kg5 39. Kg3 Rb3 40. Rc4 Rb5 41. f4+ {[%cal Bf3f4,Bf4f5,Bf5f6][%mdl 32]} Kf5 42. Kh4 Rb1 43. g4+ Kg6 44. Rc6+ Kf7 45. Kg5 Rb5+ 46. f5 {Weiß setzt Matt.} Rd5 47. Rc7+ Kg8 48. Kg6 Rd6+ 49. f6 Rd8 50. Rg7+ Kf8 51. Rh7 {Precision: Weiß = 57%, Schwarz = 24%.} 1-0

[Event "RUS-chT Blitz Men 2018"]
[Site "Sochi"]
[Date "2018.10.10"]
[Round "2"]
[White "Dudin, Gleb"]
[Black "Pervakov, Sergey"]
[Result "1-0"]
[WhiteElo "2178"]
[BlackElo "2098"]
[Annotator "TA"]
[PlyCount "81"]
[EventDate "2018.10.10"]
[EventType "swiss"]
[EventCountry "RUS"]
[SourceTitle "playchess.com"]
[Source "ChessBase"]
[SourceQuality "1"]

{[%evp 18,81,53,40,44,35,50,54,57,-20,41,24,64,66,59,67,61,43,88,63,69,65,62,57,90,74,106,102,104,108,106,0,89,68,100,85,188,184,208,220,263,263,265,256,300,285,416,409,399,380,502,351,364,296,289,266,333,327,1803,1781,1545,692,601,378,482,470]} 1. d4 d6 2. c4 Nf6 3. Nf3 g6 4. g3 Bg7 5. Bg2 O-O 6. O-O Nc6 7. Nc3 a6 8. b3 Rb8 9. Bb2 Bd7 10. Rc1 {LiveBook: 25 Games. E63: King's Indian: Fianchetto: Panno Variation with 7...a6} e5 (10... b5 11. Nd5 Nh5 12. Qd2 e6 13. Nf4 Nxf4 14. Qxf4 bxc4 15. Rxc4 Nb4 16. Qd2 a5 17. Ba3 Bb5 {0-1 (57) Erenberg,A (2415)-Sjugirov,S (2652) Batumi 2018}) 11. Qd2 Re8 12. dxe5 $146 {White is slightly better.} ({Predecessor:} 12. e3 Ng4 13. dxe5 Ncxe5 14. Nxe5 Nxe5 15. f4 Ng4 16. Rfe1 {½-½ (41) Kogan,S-Liublinsky,V Moscow (Russia) 1952}) 12... dxe5 13. e4 (13. Rcd1 $14) 13... Qc8 ({Black should try} 13... Bg4 $11) 14. Rfe1 $14 Bh3 15. Nd5 Bxg2 16. Kxg2 Nd7 17. b4 Ne7 18. c5 Nxd5 19. Qxd5 c6 20. Qb3 h6 21. Nd2 Qc7 22. Nc4 Nf8 23. Nd6 Red8 24. Nc4 ({Better is} 24. f4 $16) 24... Ne6 (24... Re8 $1 $11 {remains equal.}) 25. a4 {[%cal Ba2a4,Ba4a5][%mdl 32]} Nd4 26. Bxd4 exd4 (26... Rxd4 $16 27. Rcd1 Qd7) 27. a5 $18 d3 {[#] And now ...d2 would win.} 28. Rcd1 Qd7 29. Nd6 Be5 30. Rxd3 Qc7 {[%cal Re5d6]} 31. Red1 Bxd6 (31... Qe7 {was worth a try.} 32. Qc4 Qe6) 32. Rxd6 (32. cxd6 Qd7 $18) 32... Rxd6 33. Rxd6 {[%mdl 4096] Endgame KQR-KQR} ({Less strong is} 33. cxd6 Qd7 $18) 33... Re8 34. Qd3 Qe7 35. f3 Qe5 36. h4 Qb2+ 37. Qd2 Qb3 $2 {[#]} (37... Qxd2+ 38. Rxd2 Kf8) 38. h5 Re6 39. hxg6 (39. Rd3 $142) 39... Rxg6 40. Rd8+ Kg7 41. Qd4+ {Precision: White = 61%, Black = 29%.} 1-0

[Event "RUS-chT Blitz Men 2018"]
[Site "Sochi"]
[Date "2018.10.10"]
[Round "2"]
[White "Zhakamukhov, Eduard"]
[Black "Kretov, Evgenij"]
[Result "0-1"]
[WhiteElo "2068"]
[BlackElo "2219"]
[Annotator "TA"]
[PlyCount "110"]
[EventDate "2018.10.10"]
[EventType "swiss"]
[EventCountry "RUS"]
[SourceTitle "playchess.com"]
[Source "ChessBase"]
[SourceQuality "1"]

{[%evp 17,110,17,28,-16,11,0,29,8,52,31,75,24,68,65,58,61,81,66,72,66,48,37,53,37,82,62,108,66,71,29,34,24,23,8,10,8,39,18,33,28,54,17,24,5,13,0,24,0,0,0,20,-43,-45,-44,-28,-104,-98,-118,-49,-49,-56,-60,-75,-159,-159,-159,-89,-188,-187,-167,-117,-152,-117,-117,-117,-107,-130,-108,-105,-925,-920,-885,-351,-351,-351,-321,-341,-339,-276,-276,-276,-924,-903,-882,-866]} 1. e4 c6 2. d4 d5 3. Nc3 dxe4 4. Nxe4 Nd7 5. Nf3 Ngf6 6. Nxf6+ Nxf6 7. Bd3 Bg4 8. c3 e6 9. h3 Bh5 {LiveBook: 22 Games} 10. Bg5 {B17: Caro-Kann: Modern Line (4...Nd7)} (10. O-O Qd5 {½-½ (10) Ganguly,S (2660)-Berkes,F (2652) Tallinn 2016}) 10... Be7 11. Qe2 Qc7 12. O-O-O $146 {White has an edge.} ({Predecessor:} 12. g4 Bg6 13. Ne5 Bxd3 14. Qxd3 Nd5 15. Bxe7 Qxe7 16. O-O-O O-O-O {½-½ (34) Rivera Reyes,A (1880)-Morales,A (1886) Managua 2016}) 12... O-O-O 13. Kb1 Kb8 14. Rhe1 (14. g4 $16 Bg6 15. Ne5 Bxd3+ 16. Nxd3) 14... Ka8 15. g4 Bg6 16. Ne5 Bxd3+ 17. Rxd3 h6 18. Bf4 {[%cal Bg5f4,Bf4g3,Bg3f2][%mdl 32] And now Ng6! would win.} Bd6 19. Bg3 Rhf8 20. f4 c5 21. dxc5 Qxc5 22. Bf2 Qc7 23. Red1 {Hoping for Qe3.} (23. Rd4 {is more complex.} Bxe5 24. Qxe5 Qxe5 25. Rxe5 Rxd4 26. Bxd4 b6 27. f5) 23... Nd5 24. Bg3 Bxe5 25. fxe5 Rc8 26. Qe4 Qa5 27. Bf2 Qb5 28. Ka1 Rc4 29. Rd4 Rfc8 30. Qf3 R8c7 31. Be1 a6 32. h4 Rxd4 33. Rxd4 Rc4 34. g5 (34. Bf2 $11) 34... Rxd4 $15 35. cxd4 Qc4 {[%cal Rc4c1]} 36. Kb1 (36. Bc3 $1 $11 {keeps the balance.}) 36... Qxd4 $17 37. Bf2 Qxe5 (37... Qd2 $17 38. gxh6 Nb4) 38. Qxf7 $15 Qf5+ 39. Qxf5 exf5 {[%mdl 4096] Endgame KB-KN} 40. Kc2 ({White should play} 40. gxh6 gxh6 41. Kc2) 40... hxg5 $17 41. hxg5 Kb8 (41... Nc7 $142 42. Kd3 Ne6) 42. a3 (42. g6 $17 {was worth a try.}) 42... Kc7 $19 43. Kd3 Kd6 44. Kd4 g6 45. Bg3+ Ke6 46. Bb8 Ne7 47. Bf4 b6 48. b4 $2 {[%mdl 8192]} (48. Kc4 $17) 48... Nc6+ 49. Kc4 Ne5+ $2 (49... b5+ 50. Kc5 Ne5) 50. Kd4 {[#]} Nf3+ $1 51. Ke3 {[#]} Ne1 $1 {[%cal Re1g2] aiming for ...Ng2+.} 52. Kd2 Ng2 53. Bc7 b5 54. Kd3 $2 (54. Ke2 f4 55. Kf1 Ne3+ 56. Ke2) 54... Kd5 55. Bb8 Ne1+ {Precision: White = 33%, Black = 45%.} 0-1

[Event "RUS-chT Blitz Men 2018"]
[Site "Sochi"]
[Date "2018.10.10"]
[Round "2"]
[White "Terzyan, Nazar"]
[Black "Okun, Evgeny"]
[Result "1-0"]
[WhiteElo "1757"]
[BlackElo "2163"]
[Annotator "TA"]
[PlyCount "80"]
[EventDate "2018.10.10"]
[EventType "swiss"]
[EventCountry "RUS"]
[SourceTitle "playchess.com"]
[Source "ChessBase"]
[SourceQuality "1"]

{[%evp 13,80,0,48,50,86,67,135,27,158,120,124,77,88,64,60,40,54,-15,-5,-54,-46,-43,-20,0,81,89,328,331,322,324,283,227,254,153,233,187,199,-39,0,-648,-171,-516,-415,-384,-28,-14,356,363,614,-47,-38,-60,87,0,0,-56,89,89,877,868,868,0,877,865,5214,5214,1372,4902,1186]} 1. e4 c5 2. Nf3 g6 3. d4 cxd4 4. Nxd4 Bg7 5. Nc3 Nc6 6. Be3 Nf6 7. f3 d5 8. Bb5 {aiming for exd5. B34: Sicilian: Accelerated Dragon with 5 Nc3: sidelines} Bd7 9. exd5 Nb8 $146 ({Black should play} 9... Nb4 $14) ({Predecessor:} 9... Nb4 10. Bc4 Rc8 11. Qe2 Qa5 12. O-O Nbxd5 13. Nxd5 Nxd5 14. Nb3 Qc7 15. Bxd5 Qxc2 16. Rf2 {1-0 (16) Gdanski,J (2532)-Peretz,M (2256) Warsaw 2006}) 10. O-O (10. Bc4 $16) 10... a6 (10... Bxb5 $11 11. Ndxb5 a6) 11. Bd3 O-O 12. Nde2 b5 13. a3 Bc8 14. Be4 Bb7 15. d6 (15. b4 $14) 15... Nxe4 $11 16. dxe7 Qxe7 17. fxe4 Rd8 18. Qe1 f5 (18... Bxe4 $11 {keeps the balance.} 19. Qf2 (19. Nxe4 Qxe4 20. Qf2 f5 $15) 19... Bxc2) 19. Bb6 $1 $16 {[%cal Rb6d8]} fxe4 $2 (19... Rf8 $16 {keeps fighting.}) 20. Bxd8 $18 Qxd8 21. Rd1 ({Don't take} 21. Qf2 Nd7 $18) 21... Nd7 22. Nf4 Qe7 23. Qd2 Ne5 (23... Nb6 $16 24. b4 Qe5) 24. Kh1 Rf8 25. Rfe1 $2 (25. Ncd5 $18 Qd6 26. Qe2) 25... Ng4 {Threatens to win with ...Qh4.} (25... Nc4 $5 {[%cal Rc4d2]} 26. Qd7 Qxd7 27. Rxd7 Bc8 28. Rxg7+ Kxg7 29. Rxe4 Bf5 $15) 26. Nfd5 $2 {[%mdl 8192]} (26. Qd7 $11 Qxd7 27. Rxd7) 26... Qh4 $2 (26... Qe5 {[%csl Gg4][%cal Re5h2]} 27. Nf4 Rxf4) 27. g3 $2 (27. h3 {nothing else works.} Nf2+ 28. Kg1) 27... Qh3 28. Nxe4 {[#]} Kh8 $2 ({Better is} 28... Rf2 $3 $19 {[%mdl 512]} 29. Qxf2 (29. Nxf2 Qxh2#) 29... Nxf2+ 30. Nxf2 Qf5 31. Re8+ Bf8) 29. Nf4 $11 Rxf4 $2 {[%mdl 8192]} (29... Qh6 $1 $11 30. c4 bxc4) 30. gxf4 $18 Qf3+ $2 (30... Bf8) 31. Qg2 $2 (31. Kg1 $18 {Intending Qd8+ and mate.} Kg8 32. Qg2 Qxg2+ 33. Kxg2) 31... Nf2+ $1 $15 {[%mdl 1024] Black has compensation.} 32. Kg1 Nh3+ (32... Qxg2+ $15 33. Kxg2 Nxd1) 33. Kh1 (33. Qxh3 $1 $16 {White threatens Rd8+ and mate.} Bd4+ 34. Rxd4 Qxh3 35. Re2 Bxe4 36. Rdxe4) 33... Nf2+ (33... Bxe4 $5 34. Rd8+ $8 {[#]} Bf8 $1 {[%mdl 512]} 35. Rxe4 Nf2+ 36. Kg1 Nh3+ 37. Qxh3 Qxh3 38. Rxf8+ Kg7 $11) 34. Kg1 Nh3+ (34... Qxg2+ $15 {keeps the upper hand.} 35. Kxg2 Nxd1) 35. Qxh3 $1 $16 {Threatening mate with Rd8+.} Qxh3 $4 {[%mdl 8192]} (35... Bd4+ $16 36. Rxd4 Qxh3) 36. Rd8+ $18 Bf8 37. Rxf8+ Kg7 {[#]} 38. Rf7+ $1 {[%mdl 512] White is clearly winning.} Kg8 (38... Kxf7 39. Ng5+) 39. Rxb7 {White wants to mate with Nf6+.} Qg4+ 40. Ng3 {[%cal Re1e8]} Kf8 {Precision: White = 31%, Black = 19%.} 1-0

[Event "RUS-chT Blitz Men 2018"]
[Site "Sochi"]
[Date "2018.10.10"]
[Round "3"]
[White "Artemiev, Vladislav"]
[Black "Grachev, Boris"]
[Result "1/2-1/2"]
[WhiteElo "2706"]
[BlackElo "2626"]
[Annotator "TA"]
[PlyCount "89"]
[EventDate "2018.10.10"]
[EventType "swiss"]
[EventCountry "RUS"]
[SourceTitle "playchess.com"]
[Source "ChessBase"]
[SourceQuality "1"]

{[%evp 10,89,6,12,17,0,20,-30,31,53,51,-20,29,-101,-83,-82,-84,-104,-7,-17,-25,-20,-8,-8,0,-32,-31,-31,-39,-30,-21,-26,0,0,0,0,0,7,7,0,0,8,19,0,0,-9,0,0,12,9,6,0,7,0,0,0,0,0,0,0,0,0,0,0,0,-93,-79,-88,-94,-93,-35,-68,-16,-93,-71,-91,-60,-94,0,-85,0,-97]} 1. c4 e6 2. Nf3 d5 3. e3 Nf6 4. b3 Be7 5. Bb2 O-O 6. Nc3 Nbd7 {A13: English Opening: 1...e6} (6... c5 7. cxd5 Nxd5 8. Qc2 b6 9. a3 Ba6 10. Bxa6 Nxa6 11. h4 f5 12. Nxd5 Qxd5 13. Qc4 Nc7 14. Rc1 Rac8 15. O-O Rfd8 16. Rfd1 Ne8 17. d3 Nd6 18. Qc2 Qb7 19. Qe2 Qd5 20. Qc2 Qb7 21. Qe2 Qd5 22. Qc2 {½-½ (22) Andreikin,D (2710)-Tomashevsky,E (2702) Satka 2018}) 7. Qc2 c6 8. Rg1 Nc5 $146 (8... e5 $11) ({Predecessor:} 8... b5 9. cxd5 exd5 10. Nd4 Nb8 11. g4 Bxg4 12. Be2 Bd7 13. O-O-O Kh8 {½-½ (34) Swinkels,R (2522)-Kuipers,S (2431) Amsterdam 2013}) 9. g4 Nfe4 10. g5 ({White should play} 10. b4 $14 Nxc3 11. bxc5) 10... f5 (10... Nxg5 {seems wilder.} 11. Nxg5 Bxg5 12. cxd5 cxd5 13. Nd1 Ne4) 11. d3 (11. Be2 $11) 11... Nxg5 $17 12. Nxg5 Bxg5 13. cxd5 cxd5 {[#]} ({Black should try} 13... exd5 $17 {With the idea ...Ne6.} 14. Nxd5 Ne6) 14. Nxd5 $1 {[%mdl 512]} exd5 (14... Qxd5 15. Rxg5) 15. Qxc5 Bf6 16. Bxf6 Qxf6 17. Qxd5+ (17. Qd4 {feels hotter.} Be6 18. Qxf6 Rxf6 19. Rc1 Raf8 20. f4) 17... Be6 18. Qd4 Qxd4 19. exd4 Rfd8 20. Rc1 Rac8 21. Rxc8 Bxc8 $11 {[%mdl 4096] Endgame KRB-KRB} 22. Kd2 Rxd4 23. Bg2 b6 24. Ke3 Rd7 25. Rc1 Ba6 26. Rc3 Kf7 27. a4 Re7+ (27... g5 {keeps more tension.} 28. b4 Kf6 29. b5 f4+ 30. Kd2 Bb7) 28. Kd2 Bb7 29. Bxb7 Rxb7 {KR-KR} 30. Rc6 Ke7 31. Ke3 Kd7 32. Rc4 Kd6 33. Kf4 g6 34. h4 b5 35. Rb4 a6 36. axb5 axb5 {Threatens to win with ...Kc5.} 37. Ke3 (37. Kg5 $11 {remains equal.}) 37... Kc5 $17 38. Rf4 Re7+ 39. Kd2 Ra7 (39... h5 $1 $17) 40. Kc3 Ra2 {[#]} (40... h5 $15) 41. b4+ {[#]} (41. h5 $1 $11 {[%mdl 512] keeps the balance.}) 41... Kd5 $1 42. Rd4+ Kc6 43. Rf4 Kd5 44. Rd4+ Kc6 45. Rf4 $1 {Precision: White = 36%, Black = 33%.} 1/2-1/2

[Event "RUS-chT Blitz Men 2018"]
[Site "Sochi"]
[Date "2018.10.10"]
[Round "3"]
[White "Motylev, Alexander"]
[Black "Sharafiev, Azat"]
[Result "1-0"]
[WhiteElo "2661"]
[BlackElo "2432"]
[Annotator "TA"]
[PlyCount "91"]
[EventDate "2018.10.10"]
[EventType "swiss"]
[EventCountry "RUS"]
[SourceTitle "playchess.com"]
[Source "ChessBase"]
[SourceQuality "1"]

{[%evp 9,91,41,47,-8,63,57,56,55,55,43,58,21,63,39,41,51,97,89,94,82,123,111,113,116,114,106,150,142,145,154,183,188,170,174,171,166,168,181,198,147,162,153,325,279,372,345,614,578,864,862,1205,1205,1205,1197,1181,1066,1021,918,1012,1005,991,895,928,874,942,920,1297,1290,1265,1231,2470,2050,3085,3011,5030,5022,5110,4306,29983,29984,29988,29980,29991,29992]} 1. e4 Nc6 2. Nf3 d6 3. d4 Nf6 4. Nc3 g6 5. h3 Bg7 6. g4 {B00: Queen's Fianchetto Defence, Nimzowitsch Defence} (6. Be3 $14) (6. Be3 O-O 7. Qd2 a6 8. Bd3 e5 9. d5 Ne7 10. g4 c6 11. dxc6 bxc6 12. O-O-O d5 13. Nxe5 Nxe4 14. Bxe4 Bxe5 15. Bg2 {0-1 (27) Movsesian,S (2647)-Carlsen,M (2837) Riadh 2017}) 6... e5 $146 ({Black should try} 6... d5 $11) ({Predecessor:} 6... O-O 7. Be2 Nd7 8. g5 e5 9. d5 Nd4 10. Be3 Nxe2 11. Qxe2 Re8 12. h4 Nf8 13. h5 Bg4 14. hxg6 fxg6 {0-1 (58) Ji,P (1546)-Vigier Lopez,C (1830) Barcelona 2013}) 7. dxe5 $14 Nxe5 8. Nxe5 {White is slightly better.} dxe5 9. Qxd8+ Kxd8 10. Be3 c6 11. O-O-O+ Kc7 12. f4 {[%cal Bf2f4,Bf4f5][%mdl 32]} Nd7 13. f5 b5 14. Be2 $36 {[%mdl 2048] White is in control.} a5 15. a4 b4 16. Nb1 {[%cal Bc3b1,Bb1d2,Bd2f3][%mdl 32]} Nb6 17. b3 h5 18. Nd2 gxf5 19. gxf5 Bh6 20. Bxh6 Rxh6 21. Rhg1 {Rg7 is the strong threat.} Rh7 22. Nf3 {aiming for Ng5.} f6 23. Rg6 Nd7 24. Bc4 ({Better is} 24. Rdg1 $18) 24... Bb7 $16 {[#]} 25. Rxd7+ $1 Kxd7 $2 (25... Rxd7 $16 26. Rxf6 Re8) 26. Rxf6 $18 Re7 27. Rh6 c5 $2 (27... Ba6 28. f6 Bxc4) 28. f6 {[%cal Bf5f6,Bf6f7][%mdl 32]} Ree8 29. Bb5+ Kc7 30. Rh7+ Kb6 31. Bxe8 Rxe8 {[%mdl 4096] Endgame KRB-KRN} 32. f7 Rf8 33. Ng5 Bc8 34. Rxh5 Kc7 35. Rh6 Kd7 36. Kd2 Ke7 37. h4 c4 38. bxc4 Bd7 39. Ra6 Bxa4 40. Rxa5 Bd7 41. Rxe5+ Kf6 42. Rd5 Ke7 43. Ra5 Rh8 44. Ra7 {White mates.} Rd8 45. Ke3 Kf6 {[#]} 46. Rxd7 $1 {Precision: White = 83%, Black = 24%.} 1-0

[Event "RUS-chT Blitz Men 2018"]
[Site "Sochi"]
[Date "2018.10.10"]
[Round "3"]
[White "Morozevich, Alexander"]
[Black "Sergeyev, Alexander"]
[Result "1-0"]
[WhiteElo "2656"]
[BlackElo "2397"]
[Annotator "TA"]
[PlyCount "35"]
[EventDate "2018.10.10"]
[EventType "swiss"]
[EventCountry "RUS"]
[SourceTitle "playchess.com"]
[Source "ChessBase"]
[SourceQuality "1"]

{[%evp 10,35,-28,-37,0,0,-14,0,90,71,90,83,149,152,735,761,717,728,723,706,842,839,802,641,754,741,736,729]} 1. e4 e5 2. Nf3 Nf6 3. Nxe5 d6 4. Nxf7 Kxf7 5. Nc3 Be6 (5... g6 6. d4 Kg7 7. Be3 Ng4 8. Bf4 Be7 9. Qd2 Rf8 10. Be2 g5 11. Bg3 Nc6 12. Nd5 h6 13. Bxg4 Bxg4 14. f3 {0-1 (53) Ivanchuk,V (2710)-Li,C (2751) Huaian 2016}) 6. d4 {LiveBook: 3 Games. C42: Petroff Defence: 3 Nxe5 and unusual White 3rd moves} Be7 7. f4 Re8 8. f5 {The position is equal.} Bxf5 $146 (8... Bc8 $11) ({Predecessor:} 8... Bc8 9. Bc4+ Kf8 10. Qf3 Nxe4 11. Nxe4 d5 12. O-O dxe4 {1-0 (35) Chladek,V (2020)-Chromik,T (1889) Czechia 2013}) 9. exf5 $16 d5 10. Be2 Nc6 (10... c5 $142) 11. O-O Ne4 $2 (11... Kg8 $16 12. a3 Kh8) 12. Nxe4 $18 {White is clearly winning.} dxe4 13. Bc4+ Kf8 14. c3 {[%cal Bc2c3,Bc3d4][%mdl 32] [#] Strongly threatening Qh5.} Bf6 15. Qh5 {[%csl Gc4][%cal Rh5f7]} Qd7 16. Bf4 Nxd4 17. Rad1 e3 18. cxd4 {Precision: White = 88%, Black = 36%.} 1-0

[Event "RUS-chT Blitz Men 2018"]
[Site "Sochi"]
[Date "2018.10.10"]
[Round "3"]
[White "Alekseenko, Kirill"]
[Black "Sychev, Klementy"]
[Result "1-0"]
[WhiteElo "2639"]
[BlackElo "2534"]
[Annotator "TA"]
[PlyCount "91"]
[EventDate "2018.10.10"]
[EventType "swiss"]
[EventCountry "RUS"]
[SourceTitle "playchess.com"]
[Source "ChessBase"]
[SourceQuality "1"]

{[%evp 21,91,23,26,4,4,16,14,-10,-10,-16,-9,-7,-7,-14,-9,-50,-47,-48,-42,-55,-27,-39,-30,-30,-29,-28,-18,-12,-6,-16,2,-25,0,-20,0,-32,0,0,48,9,9,9,9,8,77,76,102,109,118,63,71,51,189,175,152,155,198,204,249,250,29980,29981,29986,29987,29991,29989,29989,29990,29994,29995,29996,29997]} 1. e4 e5 2. Nf3 Nc6 3. Bb5 {[%cal Bf1b5,Bb5a4,Ba4b3][%mdl 32]} a6 4. Ba4 d6 5. c3 Bd7 6. d4 g6 7. O-O Bg7 8. Re1 b5 9. Bb3 Nf6 10. h3 {C79: Ruy Lopez: Steinitz-type lines with 3...a6 4 Ba4 Nf6 5 0-0 d6} (10. a4 O-O 11. h3 Re8 12. d5 Na5 13. Bc2 c6 14. b4 Nc4 15. dxc6 Bxc6 16. Nbd2 Nxd2 17. Bxd2 d5 18. axb5 axb5 19. Rxa8 Qxa8 20. exd5 Bxd5 {1-0 (29) Ni,H (2671)-Safarli,E (2639) Riadh 2017}) 10... O-O 11. Nbd2 Re8 {LiveBook: 16 Games} 12. dxe5 {White has an edge.} (12. Bc2 {is more complex.} Qc8 13. Nf1 Na5 14. b3 c5 15. Bb2) 12... Nxe5 $146 ({Predecessor:} 12... dxe5 13. a4 Na5 14. Bc2 c5 15. Nf1 Qc7 16. Bg5 Bc6 17. Qe2 Nh5 {0-1 (40) Vogt,L (2473)-Ernst,S (2539) Germany 2007}) 13. Nxe5 dxe5 14. Qe2 c5 {[%cal Bc7c5,Bc5c4][%mdl 32]} 15. Nf3 c4 16. Bc2 Bc6 17. Bg5 h6 18. Bh4 Qc7 19. Rad1 Nh5 20. Qe3 Nf4 21. Nh2 g5 22. Bg3 Rad8 23. Nf1 Bb7 24. f3 Bf8 25. Bf2 Ne6 26. Qe2 Nf4 27. Qe3 Ne6 28. g3 Bc8 29. Qe2 Nc5 30. Kg2 Rxd1 31. Rxd1 Rd8 32. Ne3 Be6 (32... Rxd1 $11 {remains equal.} 33. Qxd1 Qd7) 33. Nd5 $16 Qc8 34. h4 {hxg5 is the strong threat.} gxh4 {[#]} 35. gxh4 (35. g4 $1 $16) 35... Kh8 $14 36. Kh2 Nb7 (36... Rd6 $14) 37. Be3 Rd6 38. Qg2 {Strongly threatening Rg1.} Qd8 39. Qg3 Bxd5 40. exd5 $40 {[%mdl 128] [#] Hoping for Rg1. White has strong attack.} Be7 $2 (40... Bg7 $18 41. Rg1 Qf6) 41. Rg1 {[%csl Gg1][%cal Rg3g7] White mates.} Qf8 42. Qxe5+ Rf6 43. Qe4 {[%csl Gc2][%cal Re4h7]} Bd6+ 44. Kh1 {[%csl Gc2][%cal Re4h7]} Rg6 45. Rxg6 fxg6 46. Bd4+ {Precision: White = 49%, Black = 35%.} 1-0